| 000 | 00366nam a2200133Ia 4500 | ||
|---|---|---|---|
| 008 | 231017s9999 xx 000 0 und d | ||
| 082 | _a625.708 | ||
| 082 | _bSOL | ||
| 245 | 0 | _aSoil stabilization for pavements | |
| 245 | 0 | _c"Department of the Army, Navy and Air Force" | |
| 260 | _b"Department of the Army, Navy and Air Force" | ||
| 300 | _c30cm | ||
| 942 | _cREP | ||
| 999 |
_c605892 _d605892 |
||